000 00860nac a22002537a 4500
001 BR8108858
003 BR-BrBNA
005 20240105115159.0
008 230509b bl.|||m| |||| 00| 0 por d
040 _aBR-BrBNA
_bpor
_cBiblioteca Nacional de Agricultura
072 _aE21; E50
090 _aE21 BR8108858
110 1 _aCooperativa Central dos Produtores de Acucar e Alcool do Estado de Sao Paulo, Sao Paulo (Brasil)
_92827
245 1 _aInstrucoes de seguranca para manuseio do benzeno (C6 H6)
260 3 _aSao Paulo, SP (Brasil):
_c[nd].
300 _a4 p.
490 _aCadernos Copersucar. Serie Seguranca Agroindustrial (Brazil)
_vno. 2
_x
500 _aPublished 1980?
650 _aINDUSTRIA AGRICOLA
650 _aSOLVENTE
650 _aPREVENCAO DE ACIDENTE
909 _a202312
_bLúcia Elande
_c55
_dLúcia Elande
942 _2AGRIS
_n0
_cMS
999 _c273516
_d273516